000 00807nam0a22002291 4500
001 rc\17141
005 20021204102048.7
035 _a(NLR Aleph) 005305021
090 _a6328038
_c6328038
100 _a20021204d1991 u |0rusy50 ca
101 0 _arus
102 _aRU
105 _ay |||||||||
200 1 _aСистема основных принципов процесса исправления и перевоспитания осужденных
_eУчеб. пособие
_fМ-во внутр. дел СССР. ВНИИ
210 _aМ.
_cВНИИ МВД СССР
_d1991 (1992)
215 _a67, [1] с.
_d22
700 1 _aБайдаков
_bГ. П.
_gГеннадий Петрович
801 0 _aRU
_bNLR
_gpsbo
801 1 _aRU
_bELAR
_2rusmarc
852 _aNLR
_j92-6/427
942 _cBOOK
980 _aNB